[Event "Wch Seniors 23rd"]
[Site "Opatija"]
[Date "2013.11.15"]
[Round "4"]
[White "Nielsen, Peter"]
[Black "Bohman, Leif"]
[Result "0-1"]
[WhiteElo "1769"]
[BlackElo "1880"]
[PlyCount "68"]
[EventDate "2013.11.12"]
[EventType "swiss"]
[EventRounds "11"]
[EventCountry "CRO"]
[SourceTitle "CBM 157 Extra"]
[Source "ChessBase"]
[SourceDate "2013.12.19"]
[SourceVersion "1"]
[SourceVersionDate "2013.12.19"]
[SourceQuality "1"]

1. e4 e6 2. d4 d5 3. Nc3 Nf6 4. e5 Nfd7 5. Nf3 Be7 6. Be2 c5 7. dxc5 Nc6 8. Bf4 a6 9. 0-0 Bxc5 10. a3 Be7 11. b4 Qc7 12. Qd2 Ncxe5 13. Nxe5 Nxe5 14. Rad1 0-0 15. Rfe1 Bd6 16. b5 Nc4 17. Bxd6 Nxd6 18. bxa6 bxa6 19. Qd4 Nf5 20. Qd3 Bb7 21. Rb1 Bc6 22. Rb3 Rfc8 23. Reb1 d4 24. Ne4 Bb5 25. Qd2 Bxe2 26. Qxe2 Qxc2 27. Qxc2 Rxc2 28. g4 Ne7 29. Nd6 h6 30. R1b2 Rxb2 31. Rxb2 Kh7 32. Rb7 Nd5 33. Rxf7 d3 34. Ne8 d2 0-1

[Event "Wch Seniors 23rd"]
[Site "Opatija"]
[Date "2013.11.12"]
[Round "1"]
[White "Nielsen, Peter"]
[Black "Altshul, Raffael"]
[Result "0-1"]
[WhiteElo "1769"]
[BlackElo "2150"]
[PlyCount "68"]
[EventDate "2013.11.12"]
[EventType "swiss"]
[EventRounds "11"]
[EventCountry "CRO"]
[SourceTitle "CBM 157 Extra"]
[Source "ChessBase"]
[SourceDate "2013.12.19"]
[SourceVersion "1"]
[SourceVersionDate "2013.12.19"]
[SourceQuality "1"]

1. d4 Nf6 2. Nf3 e6 3. Bg5 h6 4. Bxf6 Qxf6 5. e4 d6 6. Nc3 g6 7. Nb5 Qd8 8. Qd2 Bg7 9. 0-0-0 0-0 10. h4 Nd7 11. e5 a6 12. Nc3 b5 13. h5 g5 14. Qe3 Bb7 15. Be2 Qe7 16. exd6 cxd6 17. d5 b4 18. Na4 e5 19. Bc4 Qd8 20. Nd2 f5 21. f3 Kh8 22. Bb3 Nf6 23. Nf1 e4 24. fxe4 Nxe4 25. Ng3 Nxg3 26. Qxg3 f4 27. Qd3 Bc8 28. Rde1 Bf5 29. Qd2 a5 30. Bc4 Bd7 31. Bb3 Qf6 32. c3 Rac8 33. Nb6 bxc3 34. bxc3 Rxc3+ 0-1